Germinación, establecimiento y desarrollo de plántulas de Digitaria eriantha en condiciones de deficiencia hídrica /
Guardado en:
| Autor Principal: | |
|---|---|
| Autor Corporativo: | |
| Otros Autores: | |
| Formato: | Libro |
| Idioma: | Undetermined |
| Publicado: |
Bahía Blanca,
2013.
|
| Etiquetas: |
Agregar Etiqueta
Sin Etiquetas, Sea el primero en etiquetar este registro!
|
| LEADER | 00748nam a22001575a 4500 | ||
|---|---|---|---|
| 001 | EEA.libagro009305 | ||
| 005 | 20171013103104.0 | ||
| 008 | 140128s2013####ag############000#0#und#d | ||
| 100 | 1 | |a Mac Gaul, Natalia Lorena. | |
| 245 | 1 | 0 | |a Germinación, establecimiento y desarrollo de plántulas de Digitaria eriantha en condiciones de deficiencia hídrica / |c Natalia Lorena Mac Gaul. |
| 260 | |a Bahía Blanca, |c 2013. | ||
| 300 | |a 50 h. : |b il. col ; |c 30 cm. | ||
| 500 | |a Trabajo de intensificación (Ingeniero Agrónomo) -- Universidad Nacional del Sur. Departamento de Agronomía, 2013. | ||
| 700 | 1 | |a Fioretti, María Nélida, |e tutor. | |
| 710 | 2 | |a Universidad Nacional del Sur. |b Departamento de Agronomía. | |
| 859 | |a AR-BbBCA |b BIB. AGRONOMIA |h 633.208 |i M145 |p 2014/6328 | ||
